El consumo, un anl̀isis sociolg̤ico : la estructuracin̤ del consumo y los grupos sociales en la regin̤ metropolitana de Barcelona

Bibliographic Details
Main Author: Borrs̉ Catal,̉ Vicent
Format: Unknown
Language:Spanish
Published: Barcelona : Cedecs, 1998
Subjects:
Online Access:Acceso restringido

MARC

LEADER 00000ny a22000003n 4500
005 20110527100126.0
008 010731s1998 sp s 000 0 spa c
017 |a L555-1998 
020 |a 8489171947 
035 |a 319 
040 |a UMA.CIN  |d vLex 
040 |a UMA.RE  |d vLex 
080 |a 366 
090 |c 306  |d 306 
100 1 |a Borrs̉ Catal,̉ Vicent 
245 1 3 |a El consumo, un anl̀isis sociolg̤ico :  |b la estructuracin̤ del consumo y los grupos sociales en la regin̤ metropolitana de Barcelona  |h [Recurso electrn̤ico]  |c Vicent Borrs̉ Catal̉ 
256 |a Servicio en ln̕ea 
260 |a Barcelona :  |b Cedecs,  |c 1998 
300 |a 273 p. ;  |c 23 cm 
506 1 |a Contenido solo disponible en los productos indicados  |d vLex Global  |d vLex Global (Academic Edition, excluding Law Schools)  |d vLex Global (U.S. Academic Edition, Law Schools)  |d vLex Global (U.S. Academic Edition, excluding Law Schools)  |d vLex Global (Academic Edition, Law Schools) 
650 0 7 |a Derecho de los consumidores y usuarios  |2 Tesauro vLex 
650 0 7 |a Civil  |2 Tesauro vLex 
650 0 7 |a Actos de consumo  |2 Tesauro vLex 
650 0 7 |a Consumidores y usuarios  |2 Tesauro vLex 
650 0 7 |a Consumidores  |2 Tesauro vLex 
740 0 |a vLex Libros (Servicios en ln̕ea) 
856 4 0 |u http://vlex.com/source/319  |z Acceso restringido 
942 |c BOOK 
999 0 |a Civil Law   |b Barcelona